| 000 | 00822nas a2200253 4500 | ||
|---|---|---|---|
| 001 | BR8701923 | ||
| 003 | BR-BrBNA | ||
| 005 | 20231205090626.0 | ||
| 007 | ta | ||
| 008 | 230509b bl.|||p| |||| 00| 00por d | ||
| 040 |
_aBR-BrBNA _bpor _cBiblioteca Nacional de Agricultura |
||
| 041 | _a(Pt) | ||
| 072 | _aP06; Q52 | ||
| 100 | 1 | _aGermek, H.A. | |
| 245 | 1 | _aUso de dornas fechadas com recuperacao de alcool e producao de proteina | |
| 246 | 1 | _a[The use of closed vats in alcohol recuperation and protein production] | |
| 650 | _aFERMENTACAO ALCOOLICA | ||
| 650 | _aEQUIPAMENTO AGRICOLA | ||
| 650 | _aFERMENTO | ||
| 650 | _aNUTRICAO ANIMAL | ||
| 773 | 0 |
_tAlcool e Acucar (Brazil) _xISSN 0101-8566 _g(Mar-Apr 1986), v. 5(27) p. 48-52 _wBR8701923 |
|
| 909 |
_a202311 _bLúcia _c55 _dLúcia Elande |
||
| 942 |
_2AGRIS _n0 _cANA |
||
| 999 |
_c119864 _d119864 |
||